| 000 | 00509nam a2200181Ia 4500 | ||
|---|---|---|---|
| 005 | 20250508150825.0 | ||
| 008 | 008 250505s9999 xx 000 0 eng d | ||
| 037 | _aTextual | ||
| 040 |
_aFEDL _beng _cFEDL |
||
| 041 |
_aeng _2eng |
||
| 084 |
_a920.01, VAN _qFEDL |
||
| 100 |
_aLoon Hendrik Willern _9757731 |
||
| 245 | 0 | _aVan loon's lives | |
| 260 |
_aLondon, UK _bGeorge G Harrap and Company Limited _c1950 |
||
| 300 | _a645p. | ||
| 942 |
_cTEXL _h920.01, VAN |
||
| 999 |
_c1325887 _d1325887 |
||